| 000 | 00829nam a2200253 i 4500 | ||
|---|---|---|---|
| 001 | bg | ||
| 003 | BPK | ||
| 005 | 20251119063632.0 | ||
| 008 | 070608s1970 pl a f f |000 0 pol | ||
| 015 | _aPB 1971/67 | ||
| 040 |
_aWA N _cBPK |
||
| 080 | _a532 | ||
| 080 | _a(07) | ||
| 100 | 1 |
_aProsnak, Włodzimierz J. _d(1925-2014) _eAutor |
|
| 245 | 1 | 0 |
_aMechanika płynów. _nT. 1, _pStatyka płynów i dynamika cieczy / _cWłodzimierz J. Prosnak. |
| 246 | 3 | 0 | _aStatyka płynów i dynamika cieczy. |
| 260 |
_aWarszawa : _bPaństwowe Wydawnictwo Naukowe, _c1970. |
||
| 300 |
_a586, [1] s. : _bil. ; _c23 cm. |
||
| 504 | _aBibliogr. | ||
| 655 | 4 | _aPodręcznik | |
| 650 | 4 | _aMechanika płynów | |
| 856 |
_uhttp://koha.tu.koszalin.pl/cgi-bin/koha/opac-detail.pl?biblionumber=2169 _yKatalog online BPK |
||
| 942 |
_2UKD _cKS |
||
| 999 |
_c2169 _d2169 |
||